[Event "DEM U12/U12w 2000"]
[Site "Überlingen GER"]
[Date "2000.06.04"]
[Round "2"]
[White "Hofmann, Annett"]
[Black "Lutz, Dieter"]
[Result "1-0"]
[Termination "normal"]
[Board "1"]
[WhiteElo "1326"]
[BlackElo "2185"]
[PlyCount "119"]
[WhiteFideId "24603759"]
[BlackFideId "4667565"]
[EventCountry "GER"]
[EventRounds "11"]
[EventType "swiss"]
[EventDate "2000.06.03"]

1. e4 c5 2. Nc3 e6 3. g3 Nc6 4. Bg2 g6 5. Nge2 Bg7 6. d3 Nge7 7. O-O O-O 8. Be3
Nd4 9. Qc1 a6 10. a4 Nec6 11. Nf4 Qc7 12. Nce2 d6 13. h4 Bd7 14. Nc3 Rac8 15.
h5 Nb4 16. hxg6 hxg6 17. Nce2 Ndxc2 18. Rb1 Nxe3 19. Qxe3 Bxa4 20. b3 Bb5 21.
Nc1 Nc6 22. Nfe2 Qe7 23. f4 Nd4 24. Kf2 Qf6 25. Bf3 Nxe2 26. Nxe2 Qd4 27. Nxd4
Bxd4 28. Be2 Bxe3+ 29. Kxe3 d5 30. Rh1 dxe4 31. dxe4 Bxe2 32. Kxe2 Rfd8 33.
Rbc1 Rd4 34. Ke3 b6 35. Rc3 Rcd8 36. Ra1 a5 37. Rh1 e5 38. fxe5 Re8 39. Kf4
Rxe5 40. Kxe5 Kg7 41. Rf1 Rd8 42. Rcf3 Rd7 43. Rf6 b5 44. Rd6 Rc7 45. Kd5 c4
46. bxc4 Rxc4 47. Rd7 Rb4 48. Rdxf7+ Kh6 49. R7f4 a4 50. e5 Rb3 51. R1f3 Rb2
52. Ra3 Rb1 53. e6 b4 54. Rxa4 b3 55. Rab4 b2 56. Rfd4 Kg7 57. Rd2 Rg1 58.
Rbxb2 Rxg3 59. Rb7+ Kf6 60. Rf2+ 1-0

[Event "DEM U12/U12w 2000"]
[Site "Überlingen GER"]
[Date "2000.06.04"]
[Round "2"]
[White "Braun, Arik"]
[Black "Lieder, Konrad"]
[Result "1-0"]
[Termination "normal"]
[Board "2"]
[WhiteElo "2139"]
[BlackElo "1323"]
[PlyCount "59"]
[WhiteFideId "4663527"]
[BlackFideId "4692721"]
[EventCountry "GER"]
[EventRounds "11"]
[EventType "swiss"]
[EventDate "2000.06.03"]

1. d4 d5 2. c4 e6 3. Nc3 Nf6 4. Bg5 Be7 5. e3 Nbd7 6. cxd5 exd5 7. Bd3 h6 8.
Bh4 c6 9. Nf3 O-O 10. O-O b6 11. Qe2 c5 12. Rac1 c4 13. Bb1 Re8 14. Rfd1 Bb7
15. Ne5 Ne4 16. Bxe4 Nxe5 17. dxe5 Bxh4 18. Bxd5 Bxd5 19. Rxd5 Qc8 20. Nb5 Qb7
21. Rcd1 Qc6 22. Nd6 Red8 23. Qh5 Bg5 24. Qxf7+ Kh8 25. Nf5 Rg8 26. Nd4 Qa4 27.
Ne6 Qxa2 28. Nxg5 Rgf8 29. Qg6 hxg5 30. Rd7 1-0

[Event "DEM U12/U12w 2000"]
[Site "Überlingen GER"]
[Date "2000.06.04"]
[Round "2"]
[White "Rosenblatt, Marcus"]
[Black "Figura, Atila"]
[Result "0-1"]
[Termination "normal"]
[Board "3"]
[WhiteElo "1298"]
[BlackElo "1789"]
[PlyCount "50"]
[WhiteFideId "24627453"]
[BlackFideId "4688058"]
[EventCountry "GER"]
[EventRounds "11"]
[EventType "swiss"]
[EventDate "2000.06.03"]

1. e4 c5 2. Nf3 e6 3. d4 cxd4 4. Nxd4 a6 5. Be3 Nf6 6. Nc3 Bb4 7. f3 Qc7 8. Qd2
d5 9. a3 Bxc3 10. bxc3 dxe4 11. Bf4 e5 12. Bg3 Qe7 13. Nb3 Nc6 14. f4 Nh5 15.
Qf2 exf4 16. Bxf4 Nxf4 17. Qxf4 Qe5 18. Qxe5+ Nxe5 19. Nc5 f5 20. Rb1 Ra7 21.
Be2 Nd7 22. Ne6 g6 23. Nc7+ Ke7 24. a4 Kd6 25. Rb6+ Nxb6 0-1

[Event "DEM U12/U12w 2000"]
[Site "Überlingen GER"]
[Date "2000.06.04"]
[Round "2"]
[White "Armbrust, Florian"]
[Black "Grimberg, Boris"]
[Result "1-0"]
[Termination "normal"]
[Board "4"]
[WhiteElo "1747"]
[BlackElo "1278"]
[PlyCount "91"]
[WhiteFideId "4691350"]
[BlackFideId "4697499"]
[EventCountry "GER"]
[EventRounds "11"]
[EventType "swiss"]
[EventDate "2000.06.03"]

1. e4 e6 2. d4 d5 3. Nc3 Nf6 4. Bg5 Be7 5. e5 Nfd7 6. Bxe7 Qxe7 7. f4 c5 8. Nb5
O-O 9. Nc7 Nb6 10. Nxa8 Nxa8 11. Nf3 c4 12. c3 Nc6 13. Be2 Nc7 14. O-O b5 15.
Rb1 Bd7 16. Qc2 a5 17. Ng5 g6 18. Rf3 h6 19. Nh3 f5 20. exf6 Qxf6 21. Rg3 Ne7
22. Nf2 Nf5 23. Ng4 Qg7 24. Rh3 h5 25. Ne5 Be8 26. g4 hxg4 27. Bxg4 Nh6 28. Rf1
Nf5 29. Qg2 Nh6 30. Kh1 Nf5 31. Rff3 Nh6 32. Rhg3 Rf6 33. Bh5 Nf5 34. Bxg6
Nxg3+ 35. Rxg3 Bxg6 36. Nxg6 Kh7 37. Rh3+ Kg8 38. Rh8+ Qxh8 39. Nxh8+ Kxh8 40.
Qg5 Rf7 41. Qh6+ Kg8 42. h4 Rh7 43. Qf6 Rf7 44. Qe5 Rh7 45. h5 Kf7 46. Qxc7+
1-0

[Event "DEM U12/U12w 2000"]
[Site "Überlingen GER"]
[Date "2000.06.04"]
[Round "2"]
[White "Zelba, Maurizio"]
[Black "Henneberg, Olga"]
[Result "0-1"]
[Termination "normal"]
[Board "5"]
[WhiteElo "1728"]
[BlackElo "1273"]
[PlyCount "68"]
[WhiteFideId "4677390"]
[EventCountry "GER"]
[EventRounds "11"]
[EventType "swiss"]
[EventDate "2000.06.03"]

1. d4 Nf6 2. c4 g6 3. Nc3 Bg7 4. g3 d5 5. cxd5 Nxd5 6. e4 Nxc3 7. bxc3 c5 8.
Nf3 O-O 9. Rb1 Bg4 10. Rxb7 Bxf3 11. Qxf3 cxd4 12. cxd4 Bxd4 13. Bd2 Nc6 14.
Bh3 Qd6 15. O-O Be5 16. Rd7 Qf6 17. Qg2 Bd6 18. f4 Qb2 19. e5 Bc5+ 20. Kh1 Nb4
21. Rc7 Rad8 22. Bxb4 Qxb4 23. Qc2 Bb6 24. Rb1 Qd2 25. Qe4 Bxc7 26. e6 Qd5 27.
exf7+ Kg7 28. Qxd5 Rxd5 29. Rb7 Bb6 30. Rxe7 Rxf7 31. Re2 Rc7 32. Kg2 Rdc5 33.
Kf3 Rc2 34. Re8 Rxh2 0-1

[Event "DEM U12/U12w 2000"]
[Site "Überlingen GER"]
[Date "2000.06.04"]
[Round "2"]
[White "Behm, Simon"]
[Black "Horstmann, Sven"]
[Result "1-0"]
[Termination "normal"]
[Board "6"]
[WhiteElo "1712"]
[BlackElo "1252"]
[PlyCount "73"]
[WhiteFideId "4691962"]
[EventCountry "GER"]
[EventRounds "11"]
[EventType "swiss"]
[EventDate "2000.06.03"]

1. d4 d5 2. c4 Nc6 3. Nf3 Bg4 4. cxd5 Bxf3 5. gxf3 Qxd5 6. e3 e5 7. Nc3 Bb4 8.
Bd2 Bxc3 9. bxc3 exd4 10. cxd4 Nge7 11. Bc3 Ng6 12. e4 Qd7 13. d5 Nce5 14. f4
Ng4 15. Bh3 h5 16. f3 Nxf4 17. fxg4 Nxh3 18. gxh5 Qe7 19. Qg4 Ng5 20. Bxg7 Rh7
21. h6 Nxe4 22. O-O Qc5+ 23. Kh1 Nf2+ 24. Rxf2 Qxf2 25. Qe4+ Kd7 26. Re1 Rg8
27. d6 Rgxg7 28. Qe7+ Kc6 29. Qxc7+ Kd5 30. Qa5+ Kc4 31. Re4+ Kd3 32. Qd5+ Kc2
33. Rc4+ Kb1 34. Qd1+ Kxa2 35. Rc2+ Ka3 36. Rxf2 Rxh6 37. Qa1+ 1-0

[Event "DEM U12/U12w 2000"]
[Site "Überlingen GER"]
[Date "2000.06.04"]
[Round "2"]
[White "Rathke, Jens"]
[Black "Brener, Ilja"]
[Result "1/2-1/2"]
[Termination "normal"]
[Board "7"]
[WhiteElo "1257"]
[BlackElo "1701"]
[PlyCount "99"]
[BlackFideId "4688201"]
[EventCountry "GER"]
[EventRounds "11"]
[EventType "swiss"]
[EventDate "2000.06.03"]

1. d4 Nf6 2. c4 c5 3. d5 b5 4. e3 bxc4 5. Bxc4 d6 6. Nc3 g6 7. Nf3 Bg7 8. O-O
O-O 9. e4 Bg4 10. a3 Nbd7 11. b4 cxb4 12. axb4 Rc8 13. Qb3 Qc7 14. Nd2 Nb6 15.
Nb5 Qb8 16. Nxa7 Nxc4 17. Nxc4 Rc7 18. Nc6 Qc8 19. f3 Bh5 20. b5 Nxd5 21. Ra5
Nc3 22. Ra7 Rxa7 23. Nxa7 Qb7 24. Be3 d5 25. Na5 Qb8 26. N5c6 Qb7 27. exd5 Bf6
28. b6 Kg7 29. Na5 Qa6 30. N7c6 Ne2+ 31. Kf2 Bh4+ 32. g3 Nxg3 33. hxg3 Bxg3+
34. Kg2 Qe2+ 35. Bf2 Bd6 36. Nc4 Bb8 37. Qb2+ Qxb2 38. Nxb2 Bd6 39. b7 e6 40.
Ba7 exd5 41. b8=Q Bxb8 42. Bxb8 Rc8 43. Rc1 g5 44. Be5+ f6 45. Bd4 Be8 46. Nd3
Rxc6 47. Rxc6 Bxc6 48. Nb4 Bb7 49. Kg3 Kg6 50. Be3 1/2-1/2

[Event "DEM U12/U12w 2000"]
[Site "Überlingen GER"]
[Date "2000.06.04"]
[Round "2"]
[White "Bäumler, Ilja"]
[Black "Christiansen, Claes"]
[Result "0-1"]
[Termination "normal"]
[Board "8"]
[WhiteElo "1687"]
[BlackElo "1248"]
[PlyCount "80"]
[WhiteFideId "4681070"]
[EventCountry "GER"]
[EventRounds "11"]
[EventType "swiss"]
[EventDate "2000.06.03"]

1. e4 c5 2. c3 d6 3. d4 cxd4 4. cxd4 Nc6 5. Nc3 Nf6 6. d5 Ne5 7. h3 g6 8. f4
Ned7 9. Bb5 a6 10. Qa4 e5 11. dxe6 fxe6 12. e5 dxe5 13. fxe5 Nd5 14. Nf3 Nxc3
15. bxc3 Bg7 16. Bc4 O-O 17. Bxe6+ Kh8 18. Bxd7 Bxd7 19. Qb3 Bc6 20. Bg5 Qd3
21. Rd1 Qe4+ 22. Kd2 Ba4 23. Rhe1 Bxb3 24. Rxe4 Bxd1 25. Kxd1 h6 26. Be7 Rfe8
27. Bd6 Rad8 28. Kc2 Rxd6 29. g4 Rde6 30. g5 h5 31. Rb4 b5 32. a4 Rb8 33. c4 a5
34. Rb1 b4 35. Rd1 Bxe5 36. Rd5 b3+ 37. Kb1 Bg7 38. Rd1 Re3 39. Rf1 Rf8 40. c5
Rexf3 0-1

[Event "DEM U12/U12w 2000"]
[Site "Überlingen GER"]
[Date "2000.06.04"]
[Round "2"]
[White "Colloseus, Christian"]
[Black "Wenger, Carsten"]
[Result "0-1"]
[Termination "normal"]
[Board "9"]
[WhiteElo "1231"]
[BlackElo "1567"]
[PlyCount "68"]
[EventCountry "GER"]
[EventRounds "11"]
[EventType "swiss"]
[EventDate "2000.06.03"]

1. e4 e5 2. Nf3 Nc6 3. Bc4 Nf6 4. d3 Bc5 5. Bg5 d6 6. h3 Be6 7. Bb5 Qd7 8. c3
h6 9. Be3 Bb6 10. Bxb6 axb6 11. a3 O-O 12. Nbd2 Qe7 13. O-O Nd7 14. Nc4 Qf6 15.
Kh2 d5 16. Ne3 dxe4 17. dxe4 Qf4+ 18. Kh1 Qxe4 19. Re1 Qf4 20. Nc2 e4 21. Nfd4
Nxd4 22. Qxd4 c6 23. Rxe4 Qg5 24. Bf1 Nc5 25. Re5 Qg6 26. Qd1 Bb3 27. Rc1 Rad8
28. Qh5 Bxc2 29. Qxg6 Bxg6 30. Rce1 Bd3 31. b4 Ne6 32. g3 Bxf1 33. Rxf1 Rd3 34.
Rc1 Ra8 0-1

[Event "DEM U12/U12w 2000"]
[Site "Überlingen GER"]
[Date "2000.06.04"]
[Round "2"]
[White "Feuerstack, Aljoscha"]
[Black "Andok, Claus Michael"]
[Result "1-0"]
[Termination "normal"]
[Board "10"]
[WhiteElo "1543"]
[BlackElo "1217"]
[PlyCount "83"]
[WhiteFideId "4681932"]
[BlackFideId "24602000"]
[EventCountry "GER"]
[EventRounds "11"]
[EventType "swiss"]
[EventDate "2000.06.03"]

1. e4 d6 2. d4 Nf6 3. Nc3 c6 4. Nf3 g6 5. Be2 Bg7 6. Bf4 b5 7. a3 a6 8. Qd2 Nh5
9. Bh6 O-O 10. h4 Nf6 11. h5 Ng4 12. Bxg7 Kxg7 13. Nh4 Rh8 14. f3 Nf6 15. h6+
Kf8 16. O-O-O a5 17. e5 dxe5 18. dxe5 Qxd2+ 19. Rxd2 Nfd7 20. Ne4 b4 21. a4 e6
22. Rhd1 Ke7 23. f4 Nb6 24. b3 Nd5 25. g3 Ba6 26. Bxa6 Nxa6 27. Nf3 Rad8 28.
Nfg5 Ne3 29. Rxd8 Rxd8 30. Rxd8 Kxd8 31. Nf6 Nf5 32. Ng4 Ke7 33. Nxh7 Nxg3 34.
Ng5 Kf8 35. Nf6 Ne2+ 36. Kd2 Nxf4 37. h7 Kg7 38. Nxf7 Kxf7 39. h8=Q Nc7 40.
Qg8+ Ke7 41. Qg7+ Kd8 42. Qd7# 1-0

[Event "DEM U12/U12w 2000"]
[Site "Überlingen GER"]
[Date "2000.06.04"]
[Round "2"]
[White "von der Ahe, Florian"]
[Black "Boss, Igor"]
[Result "1-0"]
[Termination "normal"]
[Board "11"]
[WhiteElo "1132"]
[BlackElo "1540"]
[PlyCount "124"]
[WhiteFideId "12970506"]
[EventCountry "GER"]
[EventRounds "11"]
[EventType "swiss"]
[EventDate "2000.06.03"]

1. Nf3 Nf6 2. g3 g6 3. Bg2 Bg7 4. d3 d5 5. O-O O-O 6. Re1 b6 7. Nbd2 Bb7 8. c3
Nbd7 9. d4 c5 10. e3 e6 11. b3 cxd4 12. exd4 Rc8 13. Bb2 b5 14. Rc1 Qb6 15. Bf1
a6 16. Bg2 Rfe8 17. Rc2 Rc7 18. Qe2 Rec8 19. Rec1 Bh6 20. Bf1 Ne4 21. Qd3 Ndf6
22. Re1 Qd6 23. Nb1 Ng4 24. Ne5 Nxe5 25. dxe5 Qb6 26. Bg2 Nc5 27. Qe2 Nd7 28.
Bc1 Bg7 29. Be3 Qc6 30. f4 Nb8 31. Rec1 Qd7 32. c4 bxc4 33. bxc4 dxc4 34. Bxb7
Rxb7 35. Rxc4 Rbc7 36. Rd1 Qe8 37. Rxc7 Rxc7 38. Qd3 Rd7 39. Qc2 Rxd1+ 40. Qxd1
Bf8 41. Qc2 Qb5 42. Qb3 Qxb3 43. axb3 Nd7 44. Kg2 Bc5 45. Bxc5 Nxc5 46. Nd2 Kf8
47. Kf3 Ke8 48. Ke3 Kd7 49. Kd4 Nb7 50. Ne4 h5 51. Nc5+ Nxc5 52. Kxc5 Kc7 53.
h4 Kd7 54. Kb6 a5 55. Kxa5 Kc7 56. Ka6 Kc6 57. b4 Kc7 58. b5 Kb8 59. b6 Ka8 60.
b7+ Kb8 61. Kb6 g5 62. fxg5 f6 1-0

[Event "DEM U12/U12w 2000"]
[Site "Überlingen GER"]
[Date "2000.06.04"]
[Round "2"]
[White "Siebarth, Raiko"]
[Black "Lörincz, Benjamin"]
[Result "1-0"]
[Termination "normal"]
[Board "12"]
[WhiteElo "1488"]
[BlackElo "1137"]
[PlyCount "79"]
[WhiteFideId "4674766"]
[EventCountry "GER"]
[EventRounds "11"]
[EventType "swiss"]
[EventDate "2000.06.03"]

1. e4 d5 2. exd5 Qxd5 3. Nc3 Qa5 4. d4 Nf6 5. Bd2 c6 6. Nf3 Bg4 7. Be2 e6 8.
O-O Nbd7 9. Re1 Qc7 10. h3 Bh5 11. Nh4 Bxe2 12. Qxe2 Be7 13. Nf5 Nb6 14. Nxg7+
Kd8 15. Qxe6 Rf8 16. Bg5 Nfd5 17. Nxd5 Nxd5 18. Bxe7+ Nxe7 19. Qf6 b5 20. Ne6+
fxe6 21. Qxf8+ Kd7 22. Qxa8 Nd5 23. Qg8 Qd6 24. Qxh7+ Ne7 25. Re4 a5 26. Rae1
a4 27. Rxe6 Qxe6 28. Rxe6 Kxe6 29. Qe4+ Kd6 30. Qe5+ Kd7 31. h4 b4 32. h5 a3
33. b3 Ng8 34. Qg7+ Ne7 35. h6 c5 36. h7 cxd4 37. Qxd4+ Kc6 38. h8=Q Nf5 39.
Qc8+ Kb5 40. Qdc5# 1-0

[Event "DEM U12/U12w 2000"]
[Site "Überlingen GER"]
[Date "2000.06.04"]
[Round "2"]
[White "Krenz, Sarah"]
[Black "Rehberg, Raphael"]
[Result "0-1"]
[Termination "normal"]
[Board "13"]
[WhiteElo "1122"]
[BlackElo "1483"]
[PlyCount "58"]
[BlackFideId "4686799"]
[EventCountry "GER"]
[EventRounds "11"]
[EventType "swiss"]
[EventDate "2000.06.03"]

1. d4 d5 2. c4 e6 3. g3 c5 4. dxc5 Bxc5 5. Bg2 Nf6 6. Nf3 O-O 7. cxd5 exd5 8.
O-O Nc6 9. Qc2 Bb6 10. Nc3 Re8 11. Bg5 d4 12. Na4 Bc7 13. Rfd1 h6 14. Bc1 Bg4
15. Nc5 Rb8 16. h3 Bh5 17. a3 Bg6 18. Qd2 b6 19. Nb3 Ne4 20. Qe1 Be5 21. Nxe5
Rxe5 22. Bf4 Rb5 23. Nxd4 Nxd4 24. Bxb8 Rxb2 25. Bxe4 Bxe4 26. e3 Nf3+ 27. Kf1
Bd3+ 28. Kg2 Nxe1+ 29. Rxe1 Qxb8 0-1

[Event "DEM U12/U12w 2000"]
[Site "Überlingen GER"]
[Date "2000.06.04"]
[Round "2"]
[White "Blome, Thomas"]
[Black "Bräutigam, Thorben"]
[Result "1-0"]
[Termination "normal"]
[Board "14"]
[WhiteElo "1465"]
[BlackElo "1123"]
[PlyCount "131"]
[EventCountry "GER"]
[EventRounds "11"]
[EventType "swiss"]
[EventDate "2000.06.03"]

1. Nf3 Nc6 2. g3 e5 3. d3 d5 4. Bg2 Bc5 5. O-O Nf6 6. Nbd2 h6 7. c3 Bf5 8. Qc2
Qd7 9. b4 Bb6 10. a4 a5 11. b5 Ne7 12. Nxe5 Qe6 13. e4 dxe4 14. dxe4 Bh3 15.
Nec4 O-O 16. Nxb6 cxb6 17. Qa2 Qd7 18. Ba3 Rfe8 19. Nc4 Be6 20. Nxb6 Qd8 21.
Bxe7 Rxe7 22. Nd5 Rd7 23. c4 Rc8 24. Rac1 b6 25. Rfd1 Rc5 26. f4 Bg4 27. Nxf6+
gxf6 28. Rxd7 Qxd7 29. Qb2 Kg7 30. Qc3 Qd6 31. Bf1 Rh5 32. h4 Qc5+ 33. Kg2 Qe7
34. Re1 Rc5 35. Qd4 Be6 36. e5 f5 37. Kg1 Qc7 38. Qd6 Qb7 39. Bg2 Qa7 40. Bd5
Bxd5 41. cxd5 Qb7 42. Rd1 Qc8 43. Qxb6 Rc3 44. Qf2 Rc7 45. d6 Rd7 46. Qd4 Kg6
47. Kg2 Qc2+ 48. Rd2 Qc8 49. Kf2 Kh5 50. Qe3 Kg6 51. h5+ Kh7 52. Qd3 Qc5+ 53.
Ke2 Qc8 54. Qxf5+ Kg7 55. Qe4 Qc3 56. Qd3 Qb4 57. Qd4 Kf8 58. Qxb4 axb4 59. f5
Ke8 60. e6 fxe6 61. fxe6 Rd8 62. Kd1 Ra8 63. Rc2 Kd8 64. Rc7 Ke8 65. b6 b3 66.
Rh7 1-0

[Event "DEM U12/U12w 2000"]
[Site "Überlingen GER"]
[Date "2000.06.04"]
[Round "2"]
[White "Schiwarth, Nino"]
[Black "Ollenberger, Roland"]
[Result "1-0"]
[Termination "normal"]
[Board "15"]
[WhiteElo "1096"]
[BlackElo "1457"]
[PlyCount "65"]
[BlackFideId "24608440"]
[EventCountry "GER"]
[EventRounds "11"]
[EventType "swiss"]
[EventDate "2000.06.03"]

1. e4 e6 2. d4 d5 3. Nc3 Bb4 4. e5 Ne7 5. a3 Bxc3+ 6. bxc3 c5 7. f4 Qb6 8. Nf3
Nbc6 9. a4 Nf5 10. Bb5 Bd7 11. Bxc6 bxc6 12. Ba3 cxd4 13. cxd4 Qa5+ 14. Qd2
Qxa4 15. O-O Qb5 16. Bc5 a5 17. Rfb1 Qc4 18. Rb4 Qa6 19. Rba4 Qc8 20. Rxa5 Rxa5
21. Qxa5 Ne7 22. Qb4 Ng6 23. g3 f6 24. Ra7 Nf8 25. Rb7 Kf7 26. Rb8 Qa6 27.
Rxf8+ Rxf8 28. Bxf8 Qa1+ 29. Kg2 Bc8 30. Qe7+ Kg6 31. Qxg7+ Kf5 32. Qxh7+ Kg4
33. h3# 1-0

[Event "DEM U12/U12w 2000"]
[Site "Überlingen GER"]
[Date "2000.06.04"]
[Round "2"]
[White "Babczyk, Adrian"]
[Black "Ritscher, Martin"]
[Result "1-0"]
[Termination "normal"]
[Board "16"]
[WhiteElo "1407"]
[BlackElo "1098"]
[PlyCount "53"]
[WhiteFideId "24608700"]
[EventCountry "GER"]
[EventRounds "11"]
[EventType "swiss"]
[EventDate "2000.06.03"]

1. e4 c5 2. d4 cxd4 3. c3 e6 4. cxd4 d5 5. e5 Nc6 6. Bb5 Qa5+ 7. Nc3 Bb4 8. Bd2
Bxc3 9. Bxc6+ bxc6 10. Bxc3 Qb6 11. Qg4 g6 12. Ne2 Nh6 13. Qg5 Nf5 14. Qf6 Rg8
15. g4 Ng7 16. a3 Ba6 17. Bb4 Qd8 18. Rc1 Bb5 19. b3 a5 20. Bd6 a4 21. b4 Ra7
22. Rc5 Rd7 23. Qxd8+ Rxd8 24. Nc3 Kd7 25. Nxb5 cxb5 26. Rc7+ Ke8 27. Re7+ 1-0

[Event "DEM U12/U12w 2000"]
[Site "Überlingen GER"]
[Date "2000.06.04"]
[Round "2"]
[White "Berner, Stephan"]
[Black "Köhn, Kai-Uwe"]
[Result "1/2-1/2"]
[Termination "normal"]
[Board "17"]
[WhiteElo "1076"]
[BlackElo "1389"]
[PlyCount "23"]
[WhiteFideId "24613126"]
[EventCountry "GER"]
[EventRounds "11"]
[EventType "swiss"]
[EventDate "2000.06.03"]

1. b4 Nf6 2. Bb2 e6 3. a3 d5 4. e3 g6 5. d4 Bg7 6. Nf3 O-O 7. Nbd2 a6 8. c4 Bd7
9. Rc1 Nc6 10. Qc2 Rc8 11. Bd3 Re8 12. O-O 1/2-1/2

[Event "DEM U12/U12w 2000"]
[Site "Überlingen GER"]
[Date "2000.06.04"]
[Round "2"]
[White "Mijatovic, Vladimir"]
[Black "Klaiber, Markus"]
[Result "1/2-1/2"]
[Termination "normal"]
[Board "18"]
[WhiteElo "1389"]
[BlackElo "1078"]
[PlyCount "57"]
[WhiteFideId "934062"]
[EventCountry "GER"]
[EventRounds "11"]
[EventType "swiss"]
[EventDate "2000.06.03"]

1. e4 e5 2. Bc4 Nf6 3. d3 Nc6 4. Nf3 d6 5. Ng5 d5 6. exd5 Nxd5 7. Qf3 Be6 8.
Nc3 Nd4 9. Qd1 Nxc3 10. bxc3 Bxc4 11. cxd4 Bd5 12. dxe5 Bxg2 13. Rg1 Bc6 14.
Qe2 Bd5 15. e6 fxe6 16. Nxe6 Bxe6 17. Qxe6+ Qe7 18. Qxe7+ Kxe7 19. Ba3+ Kf7 20.
Bxf8 Rhxf8 21. Rg3 Rae8+ 22. Re3 Re6 23. Kd2 Ke7 24. Rf1 Rf4 25. Rxe6+ Kxe6 26.
Ke3 Ra4 27. Ra1 Rh4 28. Rb1 b6 29. Rh1 1/2-1/2

[Event "DEM U12/U12w 2000"]
[Site "Überlingen GER"]
[Date "2000.06.04"]
[Round "2"]
[White "Lubbe, Alexander"]
[Black "Cara, Bogdan"]
[Result "0-1"]
[Termination "normal"]
[Board "19"]
[WhiteElo "1072"]
[BlackElo "1376"]
[PlyCount "130"]
[EventCountry "GER"]
[EventRounds "11"]
[EventType "swiss"]
[EventDate "2000.06.03"]

1. e4 e6 2. d4 d5 3. exd5 exd5 4. Bd3 Nc6 5. Ne2 Bd6 6. Nbc3 Nge7 7. Bf4 a6 8.
Qd2 O-O 9. f3 Ng6 10. Bxg6 fxg6 11. Nxd5 Re8 12. O-O-O Be6 13. Bxd6 Qxd6 14.
Ndc3 Bf7 15. Rhe1 Qxh2 16. g3 Qh5 17. g4 Qa5 18. d5 Na7 19. Rh1 c6 20. a3 Rad8
21. Nf4 Re5 22. d6 Nc8 23. Qh2 h6 24. Ne4 Nb6 25. Nf6+ Kh8 26. Nd3 Re6 27. g5
h5 28. Nf4 Qxg5 29. Ne4 Qh6 30. Kb1 Ree8 31. Nc5 Re5 32. Nxg6+ Qxg6 33. Qxe5
Nc4 34. Qe7 Rxd6 35. Rxd6 Qxd6 36. Qxd6 Nxd6 37. Rd1 Bd5 38. b3 Nb5 39. Kb2
Bxf3 40. Rd8+ Kh7 41. Nxb7 h4 42. Rf8 Bg2 43. Nc5 h3 44. Nd3 h2 45. Nf2 h1=Q
46. Nxh1 Bxh1 47. c4 Nc7 48. Rf7 Ne6 49. Ra7 Kh6 50. Rxa6 g5 51. Ra8 Kg7 52.
Ra7+ Kg6 53. Rd7 Bf3 54. b4 g4 55. c5 g3 56. Rd2 g2 57. Rxg2+ Bxg2 58. a4 Nc7
59. b5 Nxb5 60. axb5 cxb5 61. Kc3 Bc6 62. Kb4 Kf5 63. Ka5 Ke5 64. Kb6 Kd5 65.
Ka5 Kxc5 0-1

[Event "DEM U12/U12w 2000"]
[Site "Überlingen GER"]
[Date "2000.06.04"]
[Round "2"]
[White "Fervers, Lukas"]
[Black "Collmann, Jan"]
[Result "1-0"]
[Termination "normal"]
[Board "20"]
[WhiteElo "1359"]
[BlackElo "1076"]
[PlyCount "39"]
[EventCountry "GER"]
[EventRounds "11"]
[EventType "swiss"]
[EventDate "2000.06.03"]

1. e4 e6 2. d4 d5 3. Nc3 Bb4 4. e5 c5 5. a3 Qa5 6. Bd2 Bxc3 7. Bxc3 Qc7 8. f4
cxd4 9. Bxd4 Nc6 10. c3 Nge7 11. Bd3 Bd7 12. Nf3 Nxd4 13. cxd4 Nc6 14. b4 a6
15. O-O O-O 16. Bxh7+ Kxh7 17. Ng5+ Kg8 18. Qh5 Rfe8 19. Qxf7+ Kh8 20. Rf3 1-0

[Event "DEM U12/U12w 2000"]
[Site "Überlingen GER"]
[Date "2000.06.04"]
[Round "2"]
[White "Schneider, Christian"]
[Black "Abel, Dennes"]
[Result "0-1"]
[Termination "normal"]
[Board "21"]
[WhiteElo "1028"]
[BlackElo "1348"]
[PlyCount "34"]
[WhiteFideId "24613886"]
[BlackFideId "24605417"]
[EventCountry "GER"]
[EventRounds "11"]
[EventType "swiss"]
[EventDate "2000.06.03"]

1. d4 Nf6 2. c4 g6 3. Nc3 d5 4. e3 Bg7 5. Nf3 c5 6. b3 cxd4 7. Nxd4 O-O 8. Bd3
Nc6 9. Nxc6 bxc6 10. O-O Qc7 11. h3 Rd8 12. Qc2 dxc4 13. Bxc4 Bf5 14. Nb5 Qb6
15. Qe2 cxb5 16. Bxb5 Ne4 17. Ba3 Nc3 0-1

[Event "DEM U12/U12w 2000"]
[Site "Überlingen GER"]
[Date "2000.06.04"]
[Round "2"]
[White "Kulakov, Yurij"]
[Black "Hummel, Helmut"]
[Result "1/2-1/2"]
[Termination "normal"]
[Board "22"]
[WhiteElo "1338"]
[BlackElo "682"]
[PlyCount "179"]
[EventCountry "GER"]
[EventRounds "11"]
[EventType "swiss"]
[EventDate "2000.06.03"]

1. e4 e5 2. Nf3 Nc6 3. Bb5 d6 4. Bxc6+ bxc6 5. O-O Nf6 6. Re1 Bg4 7. d3 Rb8 8.
b3 Be7 9. Bb2 O-O 10. Nbd2 Nd7 11. Qc1 f5 12. h3 Bh5 13. Nh2 Bg5 14. Rf1 Nc5
15. f3 Be3+ 16. Kh1 Qg5 17. Bc3 Qg3 18. Qe1 Qg5 19. Nc4 Bf4 20. Bd2 fxe4 21.
dxe4 Bf7 22. Bxf4 Qxf4 23. Na5 Rb6 24. Ng4 Na6 25. a3 Nc5 26. Qc3 Be8 27. Ne3
Bf7 28. b4 Na4 29. Qd3 Nb2 30. Qe2 d5 31. Ng4 d4 32. Rab1 Na4 33. Nc4 Nc3 34.
Qd3 Nxb1 35. Nxb6 cxb6 36. Rxb1 b5 37. a4 Bc4 38. Qa3 a6 39. axb5 Bxb5 40. Rb2
Qc1+ 41. Kh2 Qf4+ 42. Kg1 h5 43. Nf2 Qd2 44. Qa1 Qe3 45. Qd1 Rd8 46. Rb3 Qf4
47. Kh1 Qg3 48. Nd3 Bc4 49. Ra3 Ra8 50. Ra5 Bb5 51. Nc5 Qf2 52. Nd3 Qg3 53. Kg1
Qg5 54. Kh1 Qg3 55. Qc1 Re8 56. Kg1 Qg6 57. c4 dxc3 58. Qxc3 Qd6 59. Nc5 Qd4+
60. Qxd4 exd4 61. Kf2 Rd8 62. Ra2 Kf7 63. Ke1 d3 64. Kd2 Rd4 65. Nxa6 Bxa6 66.
Rxa6 Rxb4 67. Rxc6 Rb2+ 68. Kxd3 Rxg2 69. Rc5 h4 70. Rh5 g5 71. e5 Ke6 72. Kd4
Kf5 73. Ke3 Rg3 74. Kf2 Kxe5 75. Ke3 Kf5 76. Kf2 Kf4 77. Ke2 Rxf3 78. Rxg5 Rxh3
79. Rg8 Rg3 80. Rh8 Rg2+ 81. Kf1 Rh2 82. Kg1 Kg3 83. Rg8+ Kh3 84. Rg7 Rd2 85.
Rg8 Rd3 86. Rg7 Rg3+ 87. Rxg3+ hxg3 88. Kh1 Kg4 89. Kg2 Kf4 90. Kg1 1/2-1/2

[Event "DEM U12/U12w 2000"]
[Site "Überlingen GER"]
[Date "2000.06.04"]
[Round "2"]
[White "Biller, Eugen"]
[Black "Kubernath, Max"]
[Result "1-0"]
[Termination "normal"]
[Board "23"]
[WhiteElo "1273"]
[BlackElo "572"]
[PlyCount "107"]
[EventCountry "GER"]
[EventRounds "11"]
[EventType "swiss"]
[EventDate "2000.06.03"]

1. e4 e5 2. Nf3 Nc6 3. Bc4 Bc5 4. d3 d6 5. h3 h6 6. O-O Nf6 7. Nc3 O-O 8. Ne2
a6 9. Ng3 Nd4 10. Nxd4 Bxd4 11. c3 Ba7 12. Qe2 Nh7 13. Be3 Bd7 14. Bxa7 Rxa7
15. Qe3 Ra8 16. Rad1 b5 17. Bb3 c6 18. Qe2 Qg5 19. Qh5 a5 20. a3 a4 21. Ba2
Qxh5 22. Nxh5 c5 23. f4 exf4 24. Nxf4 Rab8 25. Ng6 c4 26. Nxf8 Nxf8 27. Rf2 Be6
28. dxc4 bxc4 29. Rxd6 Rc8 30. Rfd2 Rc5 31. Ra6 Re5 32. Rxa4 Rxe4 33. Kf1 g6
34. Rb4 Kg7 35. Re2 Rf4+ 36. Ke1 Nd7 37. Rxe6 fxe6 38. Rb7 Rf7 39. Bxc4 Kf6 40.
Bb5 Ne5 41. Rxf7+ Kxf7 42. a4 Ke7 43. Ke2 Kd6 44. b4 g5 45. a5 Kc7 46. Ke3 h5
47. Be2 h4 48. Ke4 Nc6 49. Bc4 Kd6 50. a6 Na7 51. Bd3 e5 52. b5 Nc8 53. c4 Ke6
54. c5 1-0